Cestou kríža k nebesám kríž sv. náš sprievodca v živote... : šestoro pôstnych rozjímaní

Bibliographic Details
Main Author: Bielek, Kletus (Author)
Format: Book
Language:Slovak
PhysicalDescription:32 s. 26 cm
Published: Ružomberok Karol Salva Karol Salva 1891

MARC

LEADER 00000nam a2200000 a 4500
001 vtls001295068
003 SK-MaSNL
005 20260301235053.0
008 240318s1891 xo 0 slo
035 |a SNK000246875 
040 |a SNK  |b slo  |c SNK  |e AACR2 
041 0 |a slo 
044 |a xo  |c SK 
100 1 |a Bielek, Kletus  |4 aut  |9 631860 
245 1 0 |a Cestou kríža k nebesám  |b kríž sv. náš sprievodca v živote... : šestoro pôstnych rozjímaní  |c vypracoval Kletus Bielek 
260 |a Ružomberok  |b Karol Salva  |c 1891  |e Ružomberok  |b Karol Salva 
300 |a 32 s.  |c 26 cm 
999 |c 973136  |d 975066 
952 |t P60, <04>, [BOOK], {604}  |a SNK  |b SNK  |y VYP  |7 0  |p 17A0082888  |o snkSB 133/10 D1  |i snkF 1547/65  |0 0  |1 0  |4 0  |d 1997-07-18  |l 0  |r 2005-01-02 00:00:00  |w 2026-02-24 
952 |t P60, <03>, [BOOK], {603}  |a SNK  |b SNK  |y PREZ  |7 0  |p 17A0113912  |o snkSB 133/10  |i snk1705/28  |0 0  |1 0  |4 0  |d 1998-11-16  |f 1  |l 0  |r 2025-01-31 00:00:00  |w 2026-02-24